Swapped Logos Quiz Stats

 Plays Quiz Updated Nov 1, 2018

Also try: Un-evolved Logos
Challenge
Share
Tweet
Score 0/20 Timer 05:00
10 Plays Today
Logo % Correct
Pepsi
97.7%
Puma
97.4%
Burger King
97.2%
Facebook
95.5%
Ford
94.8%
Mastercard
94.8%
BMW
94.4%
UPS
92.3%
Harley Davidson
89.3%
Best Buy
82.6%
Logo % Correct
Hershey's
81.3%
Marlboro
78%
Chevron
63.9%
Hollister
50.3%
Boeing
42.4%
Aston Martin
36.3%
Nokia
36.1%
Reddit
35.9%
Vodafone
34.3%
Smart
24.5%

You're not logged in!

Compare scores with friends on all Sporcle quizzes.
OR
Log In

You Might Also Like...

Show Comments

Extras

Top Quizzes Today


Score Distribution

Your Account Isn't Verified!

In order to create a playlist on Sporcle, you need to verify the email address you used during registration. Go to your Sporcle Settings to finish the process.

Report this User

Report this user for behavior that violates our Community Guidelines.

Details: